[Event "21st Delhi Open 2025"]
[Site "New Delhi IND"]
[Date "2025.06.07"]
[Round "1.1"]
[White "Siddharth, Sai"]
[Black "Narayanan, S.L."]
[Result "0-1"]
[BlackTitle "GM"]
[WhiteElo "1876"]
[BlackElo "2600"]
[WhiteFideId "5823404"]
[BlackFideId "5058422"]
[EventDate "2025.06.07"]

1. d4 Nf6 2. c4 e6 3. g3 c5 4. d5 exd5 5. cxd5 d6 6. Nc3 g6 7. Bg2 Bg7 8. Nf3
O-O 9. O-O Re8 10. Bf4 Bf5 11. Nd2 Nh5 12. e4 Nxf4 13. gxf4 Bd7 14. Nc4 Bxc3 15.
bxc3 Bb5 16. Qb3 Bxc4 17. Qxc4 Nd7 18. Qd3 c4 19. Qxc4 Qh4 20. Qd3 Qxf4 21. Qg3
g5 22. Rab1 b6 23. Rfe1 Ne5 24. a4 Rac8 25. Re3 Rc5 26. Rb3 Kh8 27. h3 Qf6 28.
Kh2 h5 29. f3 Rec8 30. Qe1 Rc4 31. Ra3 R8c5 32. Kg1 Ra5 33. Qd1 b5 34. Rb3 Qf4
35. Re1 Rcxa4 36. Rxb5 Rxb5 37. Qxa4 Rb2 38. Qd1 Rd2 39. Qc1 Nxf3+ 0-1

[Event "21st Delhi Open 2025"]
[Site "New Delhi IND"]
[Date "2025.06.07"]
[Round "1.2"]
[White "Ghosh, Diptayan"]
[Black "Sankalan Shah"]
[Result "1-0"]
[WhiteTitle "GM"]
[BlackTitle "CM"]
[WhiteElo "2573"]
[BlackElo "1874"]
[WhiteFideId "5045207"]
[BlackFideId "25600362"]
[EventDate "2025.06.07"]

1. Nf3 Nf6 2. c4 e6 3. b3 d5 4. Bb2 Be7 5. g3 O-O 6. Bg2 b6 7. cxd5 exd5 8. O-O
c5 9. d4 Bb7 10. Nc3 Nbd7 11. Rc1 Re8 12. e3 Rc8 13. Re1 Bd6 14. Re2 Ne4 15.
dxc5 Nxc3 16. Bxc3 Nxc5 17. Rec2 Ne4 18. Bb2 Qd7 19. Ne1 Qf5 20. Nf3 Qd7 21. Qd4
f6 22. Qd1 Rxc2 23. Rxc2 Rc8 24. Nd4 Be5 25. Bf1 Rxc2 26. Qxc2 Bxd4 27. Bxd4 Qc6
28. Qb2 Bc8 29. Be2 Bf5 30. Bd1 Nd6 31. a4 Kf7 32. h4 Qc8 33. f3 h5 34. Qd2 Be6
35. Kg2 Qc7 36. Qc3 Qxc3 37. Bxc3 Bf5 38. Kf2 Ke6 39. Ke2 Bg6 40. Be1 Nb7 41.
Bb4 Nc5 42. Kd2 Nd3 43. Bf8 Kf7 44. Bd6 Nc5 45. Bb8 a5 46. Bc7 Nd7 47. Be2 Ke6
48. Kc3 d4+ 49. Kxd4 Bc2 50. Kc3 Bf5 51. Bb5 g5 52. Bxd7+ Kxd7 53. Bxb6 g4 54.
fxg4 Bxg4 55. Bxa5 Kc6 56. Bd8 f5 57. Bg5 Bd1 58. Kb2 Kc5 59. Ka3 Bc2 60. Bf6
Bd1 61. Be7+ Kb6 62. Kb4 Bc2 63. Ka3 Bd1 64. b4 Be2 65. b5 Bd3 66. Kb4 Be2 67.
a5+ Kb7 68. a6+ Ka7 69. Ka5 f4 70. gxf4 Bd3 71. b6+ Ka8 72. b7+ 1-0

[Event "21st Delhi Open 2025"]
[Site "New Delhi IND"]
[Date "2025.06.07"]
[Round "1.3"]
[White "Meetansh Dixit"]
[Black "Pantsulaia, Levan"]
[Result "1/2-1/2"]
[BlackTitle "GM"]
[WhiteElo "1874"]
[BlackElo "2551"]
[WhiteFideId "25941453"]
[BlackFideId "13602071"]
[EventDate "2025.06.07"]

1. e4 c5 2. Nf3 e6 3. d4 cxd4 4. Nxd4 a6 5. Nc3 b5 6. Bd3 Qb6 7. Nb3 Qc7 8. Be3
Bb7 9. O-O Nf6 10. a3 h5 11. h3 Be7 12. f4 h4 13. e5 Nh5 14. Ne4 Bd5 15. Qg4 f5
16. exf6 gxf6 17. Nc3 Bxb3 18. cxb3 f5 19. Qg6+ Kd8 20. b4 Nc6 21. Rac1 Kc8 22.
Bxf5 exf5 23. Nd5 Qd6 24. Nxe7+ Qxe7 25. Rxc6+ dxc6 26. Qxc6+ Kb8 27. Bc5 Qb7
28. Bd6+ Ka7 29. Bc5+ Kb8 30. Bd6+ Ka7 31. Bc5+ 1/2-1/2

[Event "21st Delhi Open 2025"]
[Site "New Delhi IND"]
[Date "2025.06.07"]
[Round "1.4"]
[White "Karthik, Venkataraman"]
[Black "Elesh Tripathi"]
[Result "1-0"]
[WhiteTitle "GM"]
[WhiteElo "2550"]
[BlackElo "1872"]
[WhiteFideId "25006479"]
[BlackFideId "25161997"]
[EventDate "2025.06.07"]

1. b3 d5 2. Bb2 Nf6 3. g3 g6 4. Nf3 Bg7 5. c4 dxc4 6. bxc4 c5 7. Bg2 O-O 8. O-O
Nc6 9. Ne5 Nxe5 10. Bxe5 Ne8 11. Bxg7 Kxg7 12. Qc2 Nd6 13. Qb2+ Kg8 14. d3 Qc7
15. Nc3 Be6 16. Rab1 Rab8 17. Rfc1 Rfc8 18. h4 h5 19. Nd5 Bxd5 20. cxd5 b5 21.
e4 a6 22. Bh3 Rd8 23. Qa3 c4 24. Qxa6 Ra8 25. Qc6 Qa7 26. e5 Ne8 27. dxc4 bxc4
28. Rb7 Qd4 29. Rxe7 Kf8 30. d6 Rxa2 31. Qf3 f6 32. Be6 Ra7 33. Rxa7 Qxa7 34. d7 1-0

[Event "21st Delhi Open 2025"]
[Site "New Delhi IND"]
[Date "2025.06.07"]
[Round "1.5"]
[White "Bhanushali Neemay"]
[Black "Petrosyan, Manuel"]
[Result "0-1"]
[BlackTitle "GM"]
[WhiteElo "1871"]
[BlackElo "2541"]
[WhiteFideId "33412685"]
[BlackFideId "13300857"]
[EventDate "2025.06.07"]

1. e4 c5 2. Nf3 e6 3. d4 cxd4 4. Nxd4 a6 5. Bd3 Qc7 6. Qe2 Ne7 7. c4 Nbc6 8. Nb3
Ng6 9. g3 Nge5 10. f4 Nxd3+ 11. Qxd3 b5 12. N1d2 Nb4 13. Qc3 bxc4 14. Nxc4 d5
15. Ne3 Qxc3+ 16. bxc3 Nd3+ 17. Ke2 dxe4 18. a4 Bd7 19. Ba3 Rb8 20. Nd2 Bxa3 21.
Rxa3 Nc5 22. a5 Ke7 23. Raa1 Rb2 24. Rhb1 Rhb8 25. Nc4 Rxb1 26. Rxb1 Rxb1 27.
Nxb1 Bb5 28. Na3 Bxc4+ 29. Nxc4 f5 30. Nd2 Na4 31. c4 Kd6 32. Nb3 Nb2 33. c5+
Kd5 34. Ke3 Nd3 35. c6 Kxc6 36. Kd4 Kd6 37. Nd2 e5+ 38. fxe5+ Nxe5 39. h4 g6 40.
Nb3 Nc6+ 41. Kc4 h6 42. h5 gxh5 43. Nc1 Nxa5+ 44. Kd4 Nc6+ 45. Ke3 Ke5 46. Ne2
Nb4 47. Nf4 Nd5+ 0-1

[Event "21st Delhi Open 2025"]
[Site "New Delhi IND"]
[Date "2025.06.07"]
[Round "1.6"]
[White "Gupta, Abhijeet"]
[Black "Eugen Mehul Shah"]
[Result "1-0"]
[WhiteTitle "GM"]
[WhiteElo "2538"]
[BlackElo "1870"]
[WhiteFideId "5010608"]
[BlackFideId "33444552"]
[EventDate "2025.06.07"]

1. d4 Nf6 2. c4 g6 3. Nc3 Bg7 4. e4 d6 5. h3 O-O 6. Be3 Nc6 7. d5 Ne5 8. f4 Ned7
9. Nge2 c6 10. Ng3 cxd5 11. cxd5 Re8 12. Be2 b6 13. O-O Bb7 14. Re1 Rc8 15. Bf3
Qc7 16. Nge2 Qb8 17. Nd4 Qa8 18. Bf2 a5 19. Ndb5 Nc5 20. e5 dxe5 21. fxe5 Nfd7
22. Bg3 Red8 23. Qe2 Nf8 24. Rad1 Rd7 25. Bg4 e6 26. Nd6 Ba6 27. Qe3 Rcd8 28.
Bh4 Rxd6 29. exd6 Rxd6 30. dxe6 Rd3 31. exf7+ Kxf7 32. Rxd3 Bxd3 33. Bf3 Qc8 34.
Qe7+ Kg8 35. Bd5+ Kh8 36. Bf6 Nfe6 37. Bxe6 Nxe6 38. Rxe6 Qc5+ 39. Qxc5 bxc5 40.
Re8# 1-0

[Event "21st Delhi Open 2025"]
[Site "New Delhi IND"]
[Date "2025.06.07"]
[Round "1.7"]
[White "Shravan Sriram"]
[Black "Paichadze, Luka"]
[Result "0-1"]
[BlackTitle "GM"]
[WhiteElo "1870"]
[BlackElo "2529"]
[WhiteFideId "33383472"]
[BlackFideId "13602934"]
[EventDate "2025.06.07"]

1. e4 c6 2. d4 d5 3. e5 Bf5 4. Nf3 e6 5. Be2 c5 6. Be3 Qb6 7. Nc3 Nc6 8. O-O c4
9. b3 Qa5 10. Bd2 Bb4 11. Qe1 Bxc2 12. bxc4 dxc4 13. Bxc4 Nge7 14. a3 Bxc3 15.
Bxc3 Qd8 16. a4 O-O 17. Qe2 Bg6 18. Rfc1 Nd5 19. Qd2 Bh5 20. Bxd5 Qxd5 21. Ne1
Bg6 22. Bb2 Rfd8 23. Rd1 Nxe5 24. Rac1 Nc6 25. Rc5 Qb3 26. Ra1 Rd5 27. Ra3 Qb6
28. Qc3 Nxd4 29. a5 Qxc5 30. Qxc5 Rxc5 31. Bxd4 Rc1 32. Kf1 Rd8 33. Be3 Bd3+ 34.
Rxd3 Rxe1+ 35. Kxe1 Rxd3 36. Bxa7 Ra3 37. Bb6 Ra2 38. Kf1 e5 39. g3 f5 40. Kg2
Kf7 41. h3 g5 42. Kh2 h5 43. Kg2 g4 44. h4 f4 45. Kh2 Ke6 46. Kg2 Kd5 47. Kh2
Ke4 48. Kg2 f3+ 49. Kh2 Kd3 50. Be3 Rxa5 51. Bg5 Ra2 52. Be3 b5 53. Kg1 b4 54.
Bc1 b3 55. Kh2 Rxf2+ 56. Kg1 Rc2 57. Bb2 Rxb2 58. Kh1 f2 59. Kg2 Ke3 60. Kf1
Rb1+ 61. Kg2 f1=Q+ 62. Kh2 0-1

[Event "21st Delhi Open 2025"]
[Site "New Delhi IND"]
[Date "2025.06.07"]
[Round "1.8"]
[White "Sivuk, Vitaly"]
[Black "Wankhade Sanskruti"]
[Result "1-0"]
[WhiteTitle "GM"]
[BlackTitle "WCM"]
[WhiteElo "2522"]
[BlackElo "1869"]
[WhiteFideId "14116502"]
[BlackFideId "25063561"]
[EventDate "2025.06.07"]

1. c4 c6 2. Nf3 d5 3. g3 Nf6 4. Bg2 dxc4 5. O-O Bf5 6. a4 e6 7. Na3 Nbd7 8. Nxc4
Nb6 9. b3 Be7 10. d3 h6 11. a5 Nxc4 12. bxc4 a6 13. Qb3 Ra7 14. Be3 c5 15. Qb6
Qxb6 16. axb6 Ra8 17. Nd2 O-O 18. Rfb1 e5 19. Bxb7 Rab8 20. Bg2 Ng4 21. Rxa6
Rfd8 22. b7 Nxe3 23. fxe3 g5 24. Bd5 Kg7 25. Ra8 Be6 26. e4 Kf8 27. Rb5 Bd6 28.
Rxb8 Rxb8 29. Nb3 Ke7 30. Kf2 Bd7 31. Ra5 Be6 32. Bxe6 Kxe6 33. Nxc5+ Bxc5+ 34.
Rxc5 Rxb7 35. Rc6+ Ke7 36. Rxh6 Rb2 37. Rh8 f6 38. h4 1-0

[Event "21st Delhi Open 2025"]
[Site "New Delhi IND"]
[Date "2025.06.07"]
[Round "1.9"]
[White "Vairaj Sogerwal"]
[Black "Grigoryan, Karen H."]
[Result "1-0"]
[BlackTitle "GM"]
[WhiteElo "1869"]
[BlackElo "2520"]
[WhiteFideId "33398950"]
[BlackFideId "13301004"]
[EventDate "2025.06.07"]

1. d4 d6 2. Nf3 g6 3. c4 Bg7 4. g3 e5 5. dxe5 dxe5 6. Qxd8+ Kxd8 7. Nc3 f6 8.
Bd2 Be6 9. O-O-O Nd7 10. b3 h5 11. Bg2 Kc8 12. h4 Nh6 13. Bxh6 Bxh6+ 14. Kb2 Re8
15. e4 Bg4 16. Bh3 Bxh3 17. Rxh3 c6 18. Rhh1 Nc5 19. Rd6 Ne6 20. Rhd1 Bf8 21.
Rd7 Be7 22. R7d3 Bc5 23. R3d2 Rd8 24. Rxd8+ Nxd8 25. Rd2 Ne6 26. a3 Kc7 27. b4
Bf8 28. Kb3 a5 29. Rd1 axb4 30. axb4 Bg7 31. c5 g5 32. hxg5 fxg5 33. Rd6 Re8 34.
Na4 g4 35. Nh4 Bf8 36. Rd2 Nd4+ 37. Kb2 Bh6 38. Rd1 Rf8 39. Nf5 Nxf5 40. exf5
Rxf5 41. Nb6 Rxf2+ 42. Kc3 Rf7 43. Na8+ Kb8 44. Rd8+ Ka7 45. Nb6 Rf8 46. Rd1 e4
47. Kc4 Bg7 48. Rd2 e3 49. Ra2+ Kb8 50. Nd7+ Kc7 51. Nxf8 Bxf8 52. Kd3 Bg7 53.
Re2 Kd7 54. Rxe3 Bf6 55. Re2 Bd8 56. Rh2 Bc7 57. Rxh5 Bxg3 58. Rg5 Kc8 59. Rxg4
Bh2 60. Rg8+ Kc7 61. Kc4 Be5 62. b5 Kd7 63. Kb4 Bc7 64. Rg7+ Kc8 65. Ka4 cxb5+
66. Kxb5 Kb8 67. Rf7 Bd8 68. Rd7 Bc7 69. Rd5 Ka8 70. Rf5 Bb8 71. Rf7 Ba7 72. Rg7
Bb8 73. Rf7 Ba7 74. Rf8+ Bb8 75. Re8 Ka7 76. Rf8 Ka8 77. Rg8 Ka7 78. Rg5 Ka8 79.
Kb6 Ba7+ 80. Kc7 Bb8+ 81. Kc8 Ba7 82. Rd5 Bb8 83. Rd8 Ka7 84. Rd7 Ka8 85. Rxb7 1-0

[Event "21st Delhi Open 2025"]
[Site "New Delhi IND"]
[Date "2025.06.07"]
[Round "1.10"]
[White "Nikitenko, Mihail"]
[Black "Mann Akbari"]
[Result "1-0"]
[WhiteTitle "GM"]
[WhiteElo "2520"]
[BlackElo "1868"]
[WhiteFideId "13506862"]
[BlackFideId "33420769"]
[EventDate "2025.06.07"]

1. d4 Nf6 2. c4 g6 3. Nc3 d5 4. Nf3 Bg7 5. Qb3 dxc4 6. Qxc4 Be6 7. Qa4+ Bd7 8.
Qa3 O-O 9. e3 Bc6 10. Be2 Nbd7 11. O-O a6 12. Rd1 e6 13. Bd2 Re8 14. Be1 Bf8 15.
Qb3 b5 16. Rac1 Bb7 17. a4 b4 18. Nb1 Bd5 19. Qc2 c5 20. Nbd2 Bb7 21. Nc4 Be4
22. Qb3 a5 23. Nfe5 Qb8 24. f3 Bb7 25. Bg3 Qa7 26. Nxd7 Nxd7 27. Nd6 Bxd6 28.
Bxd6 Bd5 29. Bc4 Rac8 30. Bxd5 exd5 31. Qxd5 Nb6 32. Qg5 cxd4 33. exd4 Rxc1 34.
Rxc1 Nxa4 35. Be5 Qb6 36. Qh6 f6 37. Rc7 Qxc7 38. Bxc7 Nxb2 39. Qd2 a4 40. Qxb2
b3 41. d5 Kf7 42. d6 Ke6 43. Qe2+ Kf7 44. Qc4+ Kg7 45. d7 Re1+ 46. Kf2 b2 47.
d8=Q b1=Q 48. Qdg8+ Kh6 49. Qh4# 1-0

[Event "21st Delhi Open 2025"]
[Site "New Delhi IND"]
[Date "2025.06.07"]
[Round "1.11"]
[White "Saikat Nath"]
[Black "Aronyak, Ghosh"]
[Result "0-1"]
[BlackTitle "IM"]
[WhiteElo "1866"]
[BlackElo "2510"]
[WhiteFideId "46667180"]
[BlackFideId "25072846"]
[EventDate "2025.06.07"]

1. d4 Nf6 2. c4 e6 3. Nf3 a6 4. g3 b5 5. b3 Bb7 6. Bg2 c5 7. dxc5 Bxc5 8. O-O
bxc4 9. bxc4 O-O 10. Ba3 Bxa3 11. Nxa3 Qc7 12. Rc1 d6 13. Nb1 Nbd7 14. Nbd2 Rab8
15. Nb3 Bxf3 16. Bxf3 Nc5 17. Nxc5 Qxc5 18. Qa4 Rb6 19. Rb1 Rfb8 20. Rb3 Kf8 21.
Rfb1 Ke7 22. Rxb6 Rxb6 23. Rxb6 Qxb6 24. Kg2 Nd7 25. Qc2 g6 26. e3 Nc5 27. h4
Qb4 28. Qc1 Nd3 29. Qd1 Qxc4 30. Be2 Qc6+ 31. Bf3 Qc3 32. Be2 Nc5 33. Qb1 Qd2
34. Bxa6 Qd5+ 35. e4 Nxe4 36. Bb7 Nc3+ 37. Bxd5 Nxb1 38. Bc6 Na3 39. Kf3 d5 40.
g4 Kd6 41. Be8 f6 42. Ke3 Ke7 43. Ba4 h6 44. f4 g5 45. hxg5 hxg5 46. f5 e5 47.
Kd3 Kd6 48. Kc3 Kc5 49. Bb3 e4 50. Kb2 Nc4+ 0-1

[Event "21st Delhi Open 2025"]
[Site "New Delhi IND"]
[Date "2025.06.07"]
[Round "1.12"]
[White "Samant, Aditya S"]
[Black "Nanditha, V"]
[Result "1-0"]
[WhiteTitle "GM"]
[BlackTitle "WCM"]
[WhiteElo "2498"]
[BlackElo "1864"]
[WhiteFideId "35080580"]
[BlackFideId "46626697"]
[EventDate "2025.06.07"]

1. e4 c6 2. d4 d5 3. e5 c5 4. Nf3 Nc6 5. dxc5 Bg4 6. c3 e6 7. Be3 a6 8. Nbd2
Nxe5 9. Be2 Nxf3+ 10. Nxf3 Bxf3 11. Bxf3 Nf6 12. O-O Qc7 13. b4 Be7 14. Qa4+ Qc6
15. Qb3 O-O 16. c4 Ne4 17. Rad1 Rfd8 18. Rd3 Rd7 19. Rfd1 Rad8 20. cxd5 exd5 21.
Bg4 Nf6 22. Bxd7 Rxd7 23. Bg5 h6 24. Bxf6 Bxf6 25. Rxd5 Re7 26. Rd8+ Kh7 27.
Qd3+ g6 28. Rd6 1-0

[Event "21st Delhi Open 2025"]
[Site "New Delhi IND"]
[Date "2025.06.07"]
[Round "1.13"]
[White "Aayush Kabra"]
[Black "Gharibyan, Mamikon"]
[Result "0-1"]
[BlackTitle "GM"]
[WhiteElo "1864"]
[BlackElo "2472"]
[WhiteFideId "25919520"]
[BlackFideId "13308300"]
[EventDate "2025.06.07"]

1. e4 c5 2. Nf3 Nc6 3. c3 e6 4. d4 d5 5. exd5 exd5 6. Be2 Bd6 7. dxc5 Bxc5 8.
O-O Nge7 9. Nbd2 O-O 10. Nb3 Bb6 11. Nbd4 Nf5 12. Nxf5 Bxf5 13. Nd4 Bxd4 14.
cxd4 Qb6 15. Bd3 Bxd3 16. Qxd3 Qxd4 17. Qxd4 Nxd4 18. Be3 Nc6 19. b4 Rfd8 20. b5
Ne5 21. Rfd1 Nc4 22. Rd3 f6 23. h3 Kf7 24. Rc1 b6 25. Bd4 Rac8 26. a4 Na5 27.
Rcd1 Rc4 28. Bc3 Rxa4 29. Rxd5 Rxd5 30. Rxd5 Ke6 31. Rd8 Nb7 32. Rh8 h6 33. Bd2
Nd6 34. Rb8 Nxb5 35. Rb7 Rd4 36. Be3 Rd1+ 37. Kh2 Rd7 38. Rb8 Nd6 39. Bxb6 axb6
40. Rxb6 Kf5 41. Rb3 Nc4 42. Rb5+ Ne5 43. Kg3 g5 44. h4 Rd3+ 45. f3 g4 46. Rb4
gxf3 47. Rf4+ Ke6 48. gxf3 h5 49. Kg2 Rc3 50. Re4 Kf5 51. Ra4 Nxf3 52. Kh1 Ne5 0-1

[Event "21st Delhi Open 2025"]
[Site "New Delhi IND"]
[Date "2025.06.07"]
[Round "1.14"]
[White "Sriram Adarsh Uppala"]
[Black "Tanishka, Kotia"]
[Result "1-0"]
[BlackTitle "WFM"]
[WhiteElo "2460"]
[BlackElo "1862"]
[WhiteFideId "33319782"]
[BlackFideId "25005600"]
[EventDate "2025.06.07"]

1. Nf3 Nf6 2. b3 d6 3. d4 g6 4. Bb2 Bg7 5. e3 O-O 6. Be2 c5 7. O-O b6 8. c4 Bb7
9. Qc2 cxd4 10. exd4 d5 11. c5 Nc6 12. a3 a5 13. Nbd2 Ne4 14. Rac1 f5 15. Bb5
Na7 16. Bd3 Nc6 17. Bb5 Na7 18. a4 e6 19. Ba3 Rc8 20. Rfe1 Rf7 21. Qd3 bxc5 22.
Bxc5 Nxb5 23. axb5 Bf8 24. Bxf8 Qxf8 25. b6 Qb4 26. Rxc8+ Bxc8 27. Rc1 Bb7 28.
Ne5 Re7 29. Ndf3 Qxb6 30. Qc2 g5 31. h3 Kf8 32. Qa2 Rc7 33. Qa3+ Ke8 34. Ra1 Rc3
35. Qa4+ Bc6 36. Qxa5 Rxb3 37. Nxc6 Qxc6 38. Ne5 Qb7 39. Kh2 Rb5 40. Qa4 Kf8 41.
Qc2 Rb2 42. Qc1 h6 43. f3 Nf6 44. Qc5+ Kg8 45. Ra7 Qb8 46. Qa3 Qb4 47. Ra8+ Kg7
48. Qa7+ Qb7 49. Qc5 Rxg2+ 50. Kxg2 Qb2+ 51. Kf1 Qb1+ 52. Ke2 Qb2+ 53. Kd1 1-0

[Event "21st Delhi Open 2025"]
[Site "New Delhi IND"]
[Date "2025.06.07"]
[Round "1.15"]
[White "Aahil Patra"]
[Black "Savchenko, Boris"]
[Result "0-1"]
[BlackTitle "GM"]
[WhiteElo "1862"]
[BlackElo "2456"]
[WhiteFideId "33397970"]
[BlackFideId "4147332"]
[EventDate "2025.06.07"]

1. d4 Nf6 2. c4 e6 3. Nc3 Bb4 4. Qc2 d5 5. cxd5 exd5 6. Bg5 Nbd7 7. e3 c5 8.
dxc5 Qa5 9. Bd3 Bxc3+ 10. bxc3 O-O 11. Bxf6 Nxf6 12. Ne2 Bd7 13. O-O Rfc8 14.
Rab1 Rab8 15. Rb4 Rxc5 16. Rd4 Rbc8 17. Rd1 g6 18. f3 Ne8 19. Qd2 Ba4 20. Rb1
Bc6 21. Rbb4 Qc7 22. Rh4 Qe7 23. Rh6 Nf6 24. a4 Kg7 25. Rhh4 Re8 26. e4 dxe4 27.
Bxe4 g5 28. Rh3 Bxe4 29. fxe4 Nxe4 30. Qd4+ Nf6 31. Ng3 Rd5 32. Qf2 Rd1+ 33. Nf1
Ne4 34. Qf5 h6 35. Re3 Nd2 36. Rxe7 Rxe7 37. Rd4 Rxf1+ 38. Qxf1 Nxf1 39. Kxf1
Rc7 40. c4 Rc5 41. h3 b6 42. Ke2 Ra5 0-1

[Event "21st Delhi Open 2025"]
[Site "New Delhi IND"]
[Date "2025.06.08"]
[Round "2.1"]
[White "Narayanan, S.L."]
[Black "Sagnik Halder"]
[Result "1-0"]
[WhiteTitle "GM"]
[WhiteElo "2600"]
[BlackElo "1975"]
[WhiteFideId "5058422"]
[BlackFideId "25131419"]
[EventDate "2025.06.07"]

1. d4 d5 2. c4 e6 3. Nc3 c5 4. cxd5 exd5 5. Nf3 Nc6 6. a3 Nf6 7. Bg5 Be7 8. e3
c4 9. Be2 O-O 10. O-O Rb8 11. b3 b5 12. Ne5 Bd7 13. Nxd7 Qxd7 14. Bf3 b4 15.
axb4 Nxb4 16. bxc4 dxc4 17. Qa4 Qf5 18. Bf4 Rbd8 19. Qxa7 Rd7 20. Qa4 Nc2 21.
Be4 Nxe4 22. Qxc2 Nd6 23. Qa4 Rc7 24. Qa6 Rd8 25. Ra5 Qd3 26. Nd5 Rb7 27. Nxe7+
Kh8 28. Qxd6 Rg8 29. Be5 f6 30. Qxf6 Rbb8 31. Ng6+ 1-0

[Event "21st Delhi Open 2025"]
[Site "New Delhi IND"]
[Date "2025.06.08"]
[Round "2.2"]
[White "Rachit H Gurnani"]
[Black "Ghosh, Diptayan"]
[Result "0-1"]
[BlackTitle "GM"]
[WhiteElo "1976"]
[BlackElo "2573"]
[WhiteFideId "25613065"]
[BlackFideId "5045207"]
[EventDate "2025.06.07"]

1. e4 e5 2. Nf3 Nc6 3. Bb5 a6 4. Ba4 Nf6 5. O-O Be7 6. Re1 b5 7. Bb3 d6 8. c3
O-O 9. h3 Nb8 10. d4 Nbd7 11. Nbd2 Bb7 12. Bc2 Re8 13. Nf1 Bf8 14. Ng3 a5 15.
Bd2 a4 16. Bd3 c6 17. Qc2 Qb6 18. b4 axb3 19. axb3 g6 20. b4 Rec8 21. Qb3 Qd8
22. h4 Rxa1 23. Rxa1 Ra8 24. Re1 Ng4 25. Ng5 Qe7 26. f3 Nh6 27. Ne2 Bg7 28. g3
Nb6 29. Be3 exd4 30. Nxd4 Nd7 31. Nh3 Kh8 32. Qb2 Ne5 33. Be2 Qd7 34. Nf2 Qe8
35. Qd2 Ng8 36. Nb3 Rd8 37. Bb6 Rd7 38. Bd4 Qe6 39. Na5 c5 40. Be3 cxb4 41. cxb4
Nf6 42. Bd4 Ba8 43. Qc3 Rd8 44. Rc1 Kg8 45. Qc7 Rf8 46. Qc3 Rb8 47. Ba7 Rd8 48.
Bb6 Re8 49. Bd4 Rb8 50. Ba7 Rd8 51. Bb6 Rf8 52. Bd4 Rb8 53. Ba7 Re8 54. Bxb5
Nfd7 55. Be2 Nc6 56. Qe3 Nxb4 57. Bd4 Be5 58. f4 Bxd4 59. Qxd4 Qa2 60. Bg4 Qa3
61. Qc3 Qxc3 62. Rxc3 Nf6 63. Rc4 Nd3 64. Bf3 Nxf2 65. Kxf2 Bxe4 66. Rd4 d5 67.
Nc6 Ra8 68. Nb4 Ra3 69. Be2 h5 70. Rd1 Kg7 71. Nc6 Bf5 72. Ne7 Ne4+ 73. Ke1 Nxg3
74. Nxf5+ Nxf5 75. Rxd5 Nxh4 76. Rd7 Ra4 0-1

[Event "21st Delhi Open 2025"]
[Site "New Delhi IND"]
[Date "2025.06.08"]
[Round "2.3"]
[White "Vyom Malhotra"]
[Black "Karthik, Venkataraman"]
[Result "0-1"]
[WhiteTitle "CM"]
[BlackTitle "GM"]
[WhiteElo "1975"]
[BlackElo "2550"]
[WhiteFideId "33383561"]
[BlackFideId "25006479"]
[EventDate "2025.06.07"]

1. e4 Nc6 2. Nf3 e5 3. Bc4 Bc5 4. d3 d6 5. Nc3 h6 6. Be3 Bb6 7. h3 Nge7 8. Bxb6
axb6 9. d4 Ng6 10. dxe5 Ncxe5 11. Nxe5 Nxe5 12. Bb5+ c6 13. Be2 Qf6 14. O-O Ng6
15. Bg4 O-O 16. Bxc8 Rfxc8 17. a4 Re8 18. Kh2 Ne5 19. Rb1 Nd7 20. Qg4 Nc5 21.
Ra1 Qd4 22. f3 Qb4 23. Nd1 Rxa4 24. Rxa4 Qxa4 25. Ne3 Qd4 26. Nf5 Qf6 27. Rd1
Rd8 28. c4 Kh7 29. b4 Na6 30. f4 g6 31. Nxd6 Nxb4 32. e5 Qe6 33. Qh4 Ra8 34. Ne4
Qf5 35. Ng3 Qc2 36. Re1 Ra2 37. Re2 Qxc4 38. Rxa2 Nxa2 39. Qf6 Qe6 40. Qd8 Nc3
41. Qxb6 Nd5 42. Qd4 c5 43. Qc4 Kg7 44. Ne2 b6 45. Kg1 Qc6 46. Qe4 Ne7 47. Qc2
Nf5 48. Qc3 Qe4 49. Kf2 Nd4 50. Nxd4 cxd4 51. Qf3 Qc2+ 52. Kg3 Qc3 53. Kf2 b5
54. Qe4 b4 55. f5 Qe3+ 56. Qxe3 dxe3+ 57. Kxe3 gxf5 58. Kd4 Kg6 59. Kc4 Kg5 60.
Kxb4 Kf4 61. g4 fxg4 62. hxg4 Kxe5 63. Kc4 Kf4 64. Kd4 Kxg4 65. Ke3 Kg3 0-1

[Event "21st Delhi Open 2025"]
[Site "New Delhi IND"]
[Date "2025.06.08"]
[Round "2.4"]
[White "Petrosyan, Manuel"]
[Black "Nishant Abhijeet Jawalkar"]
[Result "1-0"]
[WhiteTitle "GM"]
[WhiteElo "2541"]
[BlackElo "1972"]
[WhiteFideId "13300857"]
[BlackFideId "33397651"]
[EventDate "2025.06.07"]

1. d4 Nf6 2. c4 d6 3. Nf3 g6 4. g3 Bg7 5. Bg2 O-O 6. Nc3 Nc6 7. O-O e5 8. d5 Nb8
9. e4 a5 10. Ne1 Na6 11. Nd3 Nd7 12. Be3 f5 13. exf5 gxf5 14. f4 e4 15. Nf2 Ndc5
16. Re1 c6 17. Bf1 Rf7 18. Qd2 a4 19. Rad1 Bf8 20. Be2 cxd5 21. Nxd5 Be6 22. Bh5
Rd7 23. Qc3 Bg7 24. Bd4 Bxd5 25. Bxg7 Bf7 26. Bxf7+ Rxf7 27. Bd4 Rc8 28. Qe3 Ne6
29. b3 Nb4 30. Bb6 Nc2 31. Bxd8 Nxe3 32. Rxe3 Rxd8 33. Rc3 axb3 34. axb3 Rc7 35.
Rd5 b5 36. Rxf5 Nd4 37. Rg5+ Kf7 38. Kg2 d5 39. Ng4 Ne6 40. Rf5+ Kg7 41. cxd5
Rxc3 42. dxe6 Rc2+ 43. Kh3 Rf8 44. Rg5+ Kh8 45. e7 Ra8 46. Nh6 1-0

[Event "21st Delhi Open 2025"]
[Site "New Delhi IND"]
[Date "2025.06.08"]
[Round "2.5"]
[White "Arhan Jain"]
[Black "Gupta, Abhijeet"]
[Result "0-1"]
[BlackTitle "GM"]
[WhiteElo "1973"]
[BlackElo "2538"]
[WhiteFideId "33397686"]
[BlackFideId "5010608"]
[EventDate "2025.06.07"]

1. d4 Nf6 2. c4 e6 3. g3 Bb4+ 4. Bd2 Qe7 5. Nf3 Nc6 6. Nc3 Bxc3 7. Bxc3 Ne4 8.
Qc2 d5 9. Bg2 O-O 10. O-O a5 11. a3 a4 12. Ne5 Nxc3 13. Qxc3 Nxe5 14. dxe5 c6
15. Rac1 dxc4 16. Qxc4 Qc7 17. Qf4 Qb6 18. Qb4 Qxb4 19. axb4 Rd8 20. Rfd1 Bd7
21. b5 cxb5 22. Bxb7 Rab8 23. Bc6 Bxc6 24. Rxd8+ Rxd8 25. Rxc6 g5 26. Rb6 Rd5
27. f4 gxf4 28. gxf4 Rd4 29. Rxb5 Rxf4 30. b3 axb3 31. Rxb3 Re4 32. Kf2 Rxe5 33.
Rg3+ Kf8 34. e3 h6 35. Rg4 Rf5+ 36. Ke2 Rg5 37. Rh4 Kg7 38. Kf3 Kg6 39. Ra4 Rh5
40. Kg3 Rb5 41. Ra8 Rb4 42. Rg8+ Kh7 43. Ra8 h5 44. Kf3 Kg7 45. h3 Rb5 46. Ra4
Kg6 47. Rc4 Kg5 48. h4+ Kg6 49. Ra4 Rb1 50. Kg3 f5 51. e4 Rb3+ 52. Kf4 Rh3 53.
exf5+ Kf6 54. Ra5 e5+ 55. Ke4 Rxh4+ 56. Kf3 Kxf5 57. Ra8 Rf4+ 58. Ke3 h4 59.
Rf8+ Kg4 60. Rg8+ Kh3 61. Rg5 Rg4 62. Rxe5 Kg2 63. Rf5 h3 64. Rf2+ Kg1 65. Ra2
h2 66. Kf3 h1=Q+ 67. Kxg4 Qe4+ 68. Kg3 Qd3+ 0-1